000 00634nam a2200241Ia 4500
003 OSt
005 20220918200301.0
006 a|||||r|||| 00| 0
007 ta
008 220917b |||||||| |||| 00| 0 eng d
024 _a88,161
037 _cTextual
040 _aARTS
_cARTS
_beng
041 _2eng
_aeng
082 _aT4h251.N22n, K7
110 _aUniversity of delhi
_993412
245 0 _aCalender 1967-68
260 _aDelhgi
_bUniversity Office
_c1968
650 _aHIGHER EDUCATION
700 _aUniversity of delhi
_993413
942 _hT4h251.N22n, K7
_cTEXL
_2CC
999 _c211851
_d211851